| 000 | 00716cam a2200253 a 4500 | ||
|---|---|---|---|
| 008 | |||
| 020 | _a0716726181 (pbk. ) | ||
| 049 | _aMAIN | ||
| 090 |
_aHM251 _bARO |
||
| 100 | 1 | _aAronson, Elliot. | |
| 245 | 1 | 4 |
_aThe social animal / _cElliot Aronson. |
| 250 | _a7th ed. | ||
| 260 |
_aNew York : _bW.H. Freeman, _c1995. |
||
| 300 |
_axviii, 515 p. : _bill. ; _c24 cm. |
||
| 440 | 2 | _aA Series of books in psychology | |
| 500 | _aIncludes index. | ||
| 504 | _aIncludes bibliographical references. | ||
| 650 | 0 | _aSocial psychology. | |
| 907 |
_a.b10241279 _b11-07-12 _c27-04-07 |
||
| 003 | |||
| 005 | 20230123125216.0 | ||
| 040 | _cNUST | ||
| 942 |
_cBOOKS _kHM251 _mARO |
||
| 999 |
_c137601 _d137601 |
||